HYDRALAULICS AND FLUID MECHANICS INCLUDING HYDRAULIC MACHINES (Record no. 18461)
[ view plain ]
| 000 -LEADER | |
|---|---|
| fixed length control field | 00263nam a2200097Ia 4500 |
| 008 - FIXED-LENGTH DATA ELEMENTS--GENERAL INFORMATION | |
| fixed length control field | 170619s9999 xx 000 0 und d |
| 100 ## - MAIN ENTRY--PERSONAL NAME | |
| Personal name | MODI- P N |
| 245 #0 - TITLE STATEMENT | |
| Title | HYDRALAULICS AND FLUID MECHANICS INCLUDING HYDRAULIC MACHINES |
| 260 ## - PUBLICATION, DISTRIBUTION, ETC. | |
| Name of publisher, distributor, etc. | ROORKEE; NEM CHAND |
| 260 ## - PUBLICATION, DISTRIBUTION, ETC. | |
| Date of publication, distribution, etc. | 2007 |
| 546 ## - LANGUAGE NOTE | |
| Language note | ENGLISH |
| Withdrawn status | Lost status | Source of classification or shelving scheme | Damaged status | Not for loan | Home library | Current library | Date acquired | Source of acquisition | Barcode | Date last seen | Uniform Resource Identifier | Price effective from | Koha item type |
|---|---|---|---|---|---|---|---|---|---|---|---|---|---|
| IIMT Engineering College-BTech | IIMT Engineering College-BTech | 10/08/2007 | 26 | 06-B-16744 | 07/03/2017 | ME | 07/03/2017 | Text-Book- for 7 days | |||||
| IIMT Engineering College-BTech | IIMT Engineering College-BTech | 10/08/2007 | 26 | 06-B-16745 | 07/03/2017 | ME | 07/03/2017 | Text-Book- for 7 days |

